000 00290nam a2200109Ia 4500
008 230907s9999||||xx |||||||||||||| ||und||
082 _a620.11296
_bLIU
100 _aLiu, Zi-Kui.
_9115438
245 0 _aComputational thermodynamics of materials /
300 _avii, 251 pages :
942 _cBK
999 _c598404
_d598404